000 00850nam a2200205 a 4500
008 120416s1983 ||||||||||||||||| || u
020 _a0521295122
020 _a0521295122
050 _aHG 229 Fri
100 _aFrisch, Helmut
245 1 0 _aTheories of inflation
260 _aCambridge:
_bCambridge University Press
_c1983
300 _aix, 262 p.: ill.
350 _a0.00
490 _aCambridge surveys of economic literature
500 _aBased on: Die neue Inflationstheorie. Gèottingen : Vandenhoeck und Ruprecht, 1980. -Includes indexes. -Bibliography: p. 250-258.
650 _aINFLATION (FINANCE)
856 _uhttp://www.loc.gov/catdir/description/cam032/83001871.html
995 _D0.00
_FCBU-MAIN LIBRARY (Kitwe)
_H1
_I14.95
_M1
_UAVAILABLE
_ZMain Library Open Access Collection
999 _c59732
_d59732